ბათუმის შოთა რუსთაველის სახელმწიფო უნივერსიტეტის ბიბლიოთეკა

Concepts of genetics / (ბიბ.ჩანაწერი № 50517)

000 -LEADER
fixed length control field 01240cam a22003254a 4500
001 - CONTROL NUMBER
control field 12792157
005 - DATE AND TIME OF LATEST TRANSACTION
control field 20200225135953.0
008 - FIXED-LENGTH DATA ELEMENTS--GENERAL INFORMATION
fixed length control field 020529s2003 njua b 001 0 eng
010 ## - LIBRARY OF CONGRESS CONTROL NUMBER
LC control number 2002074822
020 ## - INTERNATIONAL STANDARD BOOK NUMBER
International Standard Book Number 0130929980
040 ## - CATALOGING SOURCE
Original cataloging agency DLC
Transcribing agency DLC
Modifying agency DLC
041 ## - LANGUAGE CODE
Language code of text/sound track or separate title eng
042 ## - AUTHENTICATION CODE
Authentication code pcc
050 00 - LIBRARY OF CONGRESS CALL NUMBER
Classification number QH430
Item number .K574 2003
080 ## - UNIVERSAL DECIMAL CLASSIFICATION NUMBER
Universal Decimal Classification number 575 K-58
082 00 - DEWEY DECIMAL CLASSIFICATION NUMBER
Classification number 576.5
Edition number 21
100 1# - MAIN ENTRY--PERSONAL NAME
Personal name Klug, William S.
9 (RLIN) 7411
245 10 - TITLE STATEMENT
Title Concepts of genetics /
Statement of responsibility, etc. William S. Klug, Michael R. Cummings ; with contributions by Jon Herron ... [et al.].
250 ## - EDITION STATEMENT
Edition statement 7th ed.
264 ## - PRODUCTION, PUBLICATION, DISTRIBUTION, MANUFACTURE, AND COPYRIGHT NOTICE
Place of production, publication, distribution, manufacture Upper Saddle River, N.J. :
Name of producer, publisher, distributor, manufacturer Prentice Hall,
Date of production, publication, distribution, manufacture, or copyright notice c2003.
300 ## - PHYSICAL DESCRIPTION
Extent 691p. 1 v. (vario.us pagings) :
Other physical details ill. (some col.) ;
Dimensions 29 cm. +
Accompanying material 1 CD-ROM (4 3/4 in.)
504 ## - BIBLIOGRAPHY, ETC. NOTE
Bibliography, etc. note Includes bibliographical references and index.
538 ## - SYSTEM DETAILS NOTE
System details note System requirements for accompanying CD-ROM: Windows 98/2000/NT/ME ; Macintosh Power PC with OS 8.6, 9.2
650 #0 - SUBJECT ADDED ENTRY--TOPICAL TERM
Topical term or geographic name entry element Genetics.
9 (RLIN) 7412
653 ## - INDEX TERM--UNCONTROLLED
keyword გენეტიკა
700 1# - ADDED ENTRY--PERSONAL NAME
Personal name Cummings, Michael R.
Relator term ავტორი
9 (RLIN) 7413
906 ## - LOCAL DATA ELEMENT F, LDF (RLIN)
a 7
b cbc
c orignew
d 1
e ocip
f 20
g y-gencatlg
942 ## - ADDED ENTRY ELEMENTS (KOHA)
Source of classification or shelving scheme
Koha item type წიგნი
ეგზემპლარები
Withdrawn status Lost status Source of classification or shelving scheme Damaged status Not for loan Permanent Location Current Location Shelving location Date acquired Cost, normal purchase price Full call number Barcode Date last seen Copy number Price effective from Koha item type Public note
          ბათუმის შოთა რუსთაველის სახელმწიფო უნივერსიტეტის მთავარი ბიბლიოთეკა ბათუმის შოთა რუსთაველის სახელმწიფო უნივერსიტეტის მთავარი ბიბლიოთეკა წიგნსაცავი 2018-12-17 950.00 575 K-58 697 2018-12-17 697 2018-12-17 წიგნი 650 ლ.